|
|
|
|
| LEADER |
00670nam a22001931a 4500 |
| 020 |
|
|
|a 8176385468
|c 0.00
|
| 040 |
|
|
|a SSUS - Library - Kalady
|
| 082 |
|
|
|a M 954.83
|b RAJ/K
|
| 100 |
|
|
|a Rajendran Vilakkudi (comp.)
|
| 245 |
|
|
|a Kerala sthalanamakosham (v.1)
|h [Text]
|
| 260 |
|
|
|a Thiruvananthapuram
|b Kerala Bhasha Institute
|c 2007
|
| 300 |
|
|
|a 442p.
|
| 600 |
|
|
|a History
|
| 600 |
|
|
|a History Kerala
|
| 600 |
|
|
|a Place Names Kerala Glossary
|
| 852 |
|
|
|h M 954.83
|i RAJ/K
|p 063669
|9 160.00
|t 0
|
| 942 |
|
|
|c BK
|
| 999 |
|
|
|c 23876
|d 23876
|
| 952 |
|
|
|0 0
|1 0
|4 0
|6 M_954_830000000000000_RAJ_K
|7 0
|9 34076
|a SSUS
|b SSUS
|d 2015-01-08
|g 160.00
|o M 954.83 RAJ/K
|p 063669
|r 2018-05-07
|v 0.00
|w 2015-01-08
|y BK
|